000 00794nam a22002057a 4500
005 20230418092803.0
040 _cURS
050 _aK 4150 A49 I58 2000
245 _aInternational Maritime Organization
_bresolutions of the 21st assembly and other decisions: resolutions 874 to 901
260 _aLondon
_bInternational Maritime Organization
_c2000
336 _2rdacontent
_atext
_btxt
337 _2rdamedia
_aunmediated
_bn
338 _2rdacarrier
_avolume
_bnc
650 0 _94476
_aInternational Maritime Organization
_vIndexes
650 0 _94477
_aMaritime law
_vIndexes
650 0 _94478
_aShips
_vSafety regulations
_xIndexes
650 0 _94479
_aMarine pollution
_vLaw and legislation
_xIndexes
650 0 _94480
_aWaste disposal in the ocean
_vLaw and legislation
_xIndexes
942 _2lcc
_cFR
999 _c69201
_d69200